Revolution Lyrics - The Beatles - Statistics

General Stats
  • This quiz has been taken 411 times
  • The average score is 139 of 176
Answer Stats
Lyrics % Correct
a
98%
revolution
98%
You
98%
you
98%
say
97%
when
97%
know
96%
the
96%
want
96%
We
95%
we
95%
I
94%
to
94%
all
92%
All
92%
Well,
92%
world
91%
it
89%
change
88%
go
88%
it's
87%
be
85%
me
85%
gonna
83%
that
82%
can
81%
Alright
79%
out
78%
tell
77%
But
74%
count
74%
evolution
72%
about
71%
destruction
71%
Don't
71%
talk
69%
constitution
64%
your
64%
if
62%
mind
62%
Mao
57%
of
57%
have
56%
is,
56%
for
55%
Chairman
54%
with
54%
what
53%
solution
52%
anyhow
50%
institution
50%
real
50%
see
50%
ask
49%
going
49%
got
49%
pictures
49%
wait
49%
head
47%
make
47%
We're
46%
contribution
45%
doing
44%
people
44%
anyone
43%
minds
43%
plan
43%
carrying
42%
hate
42%
ain't
41%
brother,
41%
money
41%
free
39%
love
38%
you'll
38%
instead
37%
We'd
35%
better
32%
No matching quizzes found
Score Distribution
Percent of People with Each Score
Percentile by Number Answered
Your Score History
You have not taken this quiz